书目信息 |
| 题名: |
图解数字音响技术
|
|
| 作者: | 中岛平太郎 编著 ;袁橹林 译 | |
| 分册: | ||
| 出版信息: | 北京 科学出版社 1996.1 |
|
| 页数: | 227页 | |
| 开本: | 20cm | |
| 丛书名: | OHM科学丛书 | |
| 单 册: | ||
| 中图分类: | TN912.271 | |
| 科图分类: | ||
| 主题词: | 电声技术 , 语音数据处理 | |
| 电子资源: | ||
| ISBN: | 7-03-004676-5 | |
| 000 | 00758nam0 2200253 45 | |
| 001 | 0104090848 | |
| 005 | 20031219104049.4 | |
| 010 | @a7-03-004676-5@dCNY15.00 | |
| 100 | @a20010409d1996 km y0chiy0120 ea | |
| 101 | 0 | @achi |
| 105 | @a z 000yy | |
| 200 | 1 | @a图解数字音响技术@ATu Jie Shu Zi Yin Xiang Ji Shu@f(日)中岛平太郎编著@F(Ri)Zhong Dao Ping Tai Lang Bian Zhu@g袁橹林译 |
| 210 | @a北京@c科学出版社@d1996.1 | |
| 215 | @a227页@d20cm | |
| 225 | @aOHM科学丛书 | |
| 300 | @a书末附索引 | |
| 410 | @12001 @aOHM科学丛书 | |
| 606 | 0 | @a电声技术 |
| 606 | 0 | @a语音数据处理 |
| 690 | @aTN912.271@v1 | |
| 701 | 0 | @a中岛平太郎@4编著 |
| 702 | 0 | @a袁橹林@AYuan Lu Lin@4译 |
| 801 | @aCN@bTSTC@c20010514 | |
| 905 | @a213230@f10@b296584-593@dTN912.271@e36 | |
| 图解数字音响技术/(日)中岛平太郎编著/袁橹林译.-北京:科学出版社,1996.1 |
| 227页;20cm.-(OHM科学丛书) |
| 书末附索引 |
| ISBN 7-03-004676-5:CNY15.00 |
| ● |
| 相关链接 |
|
|
|
|
正题名:图解数字音响技术
索取号:TN912.271/36
 
预约/预借
| 序号 | 登录号 | 条形码 | 馆藏地/架位号 | 状态 | 备注 |
| 1 | 0296584 | 002965848 | 第三借阅区/ [索取号:TN912.271/36] | 在馆 | |
| 2 | 0296585 | 002965857 | 第三借阅区/ [索取号:TN912.271/36] | 在馆 | |
| 3 | 0296586 | 002965866 | 第三借阅区/ [索取号:TN912.271/36] | 在馆 | |
| 4 | 0296587 | 002965875 | 第三借阅区/ [索取号:TN912.271/36] | 在馆 | |
| 5 | 0296588 | 002965884 | 第三借阅区/ [索取号:TN912.271/36] | 在馆 | |
| 6 | 0296589 | 002965893 | 第三借阅区/ [索取号:TN912.271/36] | 在馆 | |
| 7 | 0296590 | 002965900 | 第三借阅区/ [索取号:TN912.271/36] | 在馆 | |
| 8 | 0296591 | 002965919 | 第三借阅区/ [索取号:TN912.271/36] | 在馆 | |
| 9 | 0296592 | 002965928 | 第三借阅区/ [索取号:TN912.271/36] | 在馆 | |
| 10 | 0296593 | 002965937 | 第二样本阅览室/ [索取号:TN912.271/36] | 在馆 |